Studia nad struktura wspólczesnej gospodarki kapitalystycznej 3

Guardado en:
Detalles Bibliográficos
Formato: Libro
Lenguaje:polaco
Publicado: Poznan Akademia Ekon. 1989
Edición:1. wyd.
Colección:Zeszyty naukowe Zeszyt 172
Etiquetas: Agregar Etiqueta
Sin Etiquetas, Sea el primero en etiquetar este registro!

MARC

LEADER 00000nam a2200000 4500
001 c036399
005 20221215130359.7
041 0 |a pol 
044 |a PL 
245 1 0 |a Studia nad struktura wspólczesnej gospodarki kapitalystycznej 3 
250 |a 1. wyd. 
264 1 |a Poznan  |b Akademia Ekon.  |c 1989 
300 |a 127 s. 
490 1 |a Zeszyty naukowe  |v Zeszyt 172 
830 0 |a Zeszyty naukowe  |v Zeszyt 172